00488nam a2200157 a 450000100100000000500170001000800410002702000180006804000250008610000450011124500530015626000360020930000210024549000320026683000320029800003403020200930070721.0110921s2008 es 000 0 spa d a9788497643535 aDO-SdBNPbspacBNPHU1 aNietzsche, Friedrich Wilhelm,d1844-190013aEl caminante y su sombra /cFriedrich Nietzsche. aMadrid :bEdimat Libros,c2008. a190 p. ;c20 cm.1 aClásicos de la literatura 0aClásicos de la literatura